000 00223nam a22000857a 4500
999 _c11745
_d11745
008 200113b ||||| |||| 00| 0 eng d
100 _aWyss Robinson
_97432
245 _aSwiss Family Robinson
260 _bFlorida
_cFredric Thomson